000 00506nam a22001817a 4500
003 UA-OsUOA
001 9270
007 ta
008 20041026b un ||||| |||| 00| 0 ukr d
100 _aКарпенко Ю.А.
942 _cSA
040 _aUA-OsUOA
_cUA-OsUOA
_dUA-OsUOA
245 _aДо проблеми футурологічної лінгвістики
300 _aС.8-14
955 _a0
773 0 _w0
_tМовознавство
_dКиїв
_d2004
_g№4
650 7 _aЛінгвістика
_2UDC
999 _c295431
_d295431